• 首页
  • 本馆介绍
  • 公告通知
  • 最新文献
  • 馆藏检索
  • 电子资源
  • 读者导购
  • 参考咨询
  • 我的图书馆
  • 登录
  • 详细信息显示
  • 放入我的书架
  • 预约/预借图书
  • 作者相关作品
  • 分类相关作品
  • 丛书相关作品
  • 出版社相关作品

书目信息

  • 表格格式
  • 工作单格式
  • 卡片格式
题名:
最神奇的博弈定律
    
 
作者: 阳飞扬 编著
分册:  
出版信息: 北京   新世界出版社  2011.4
页数: 10, 239页
开本: 24cm
丛书名: 最神奇的定律系列
单 册:
中图分类: O225-49
科图分类:
主题词: 博弈论--普及读物
电子资源:
ISBN: 978-7-5104-1703-0
000 00896oam2 2200253 45
001 1360112656
005 20130530105943.56
010    @a978-7-5104-1703-0@dCNY28.60
100    @a20130513d2011 em y0chiy0110 ea
101 0  @achi
102    @aCN@b110000
105    @ay z 000yy
106    @ar
200 1  @a最神奇的博弈定律@AZui Shen Qi De Bo Yi Ding Lu^@f阳飞扬编著@FYang Fei Yang Bian Zhu
210    @a北京@c新世界出版社@d2011.4
215    @a10, 239页@d24cm
225 2  @a最神奇的定律系列
330    @a本书介绍了博弈论的基本思想,具体内容有:但愿君心异我心、为什么看不清自己、两军相逢勇者胜、无视就意味着纵容、为何是第三方获利、惯性的力量、铁炉不谈人情、批评和激励双管齐下等。
461  0 @12001 @a最神奇的定律系列
606 0  @a博弈论@j普及读物
690    @aO225-49@v5
701  0 @a阳飞扬@AYang Fei Yang@4编著
801    @aCN@bTANGWEI@c20130522
905    @b0834449-51@dO225-49@e151@f3
    
    最神奇的博弈定律/阳飞扬编著.-北京:新世界出版社,2011.4
    10, 239页;24cm.-(最神奇的定律系列)
    
    
    ISBN 978-7-5104-1703-0:CNY28.60
    本书介绍了博弈论的基本思想,具体内容有:但愿君心异我心、为什么看不清自己、两军相逢勇者胜、无视就意味着纵容、为何是第三方获利、惯性的力量、铁炉不谈人情、批评和激励双管齐下等。
●
相关链接 在E读中查询图书 在五车中查询图书 在当当中查询图书 在豆瓣中查询图书


正题名:最神奇的博弈定律     索取号:O225-49/151         预约/预借

序号 登录号 条形码 馆藏地/架位号 状态 备注
1 0834449   208344497   第二样本阅览室/ [索取号:O225-49/151] 在馆    
2 0834450   208344503   第三借阅区/ [索取号:O225-49/151] 在馆    
3 0834451   208344512   数信系资料室/ [索取号:O225-49/151] 在馆    
唐山师范学院图书馆 欢迎您!
大连网信软件有限公司© 版权所有